Ville d'origine des rappeurs de région parisienne - Statistiques

Statistiques générales
  • Ce quiz a été pris 85 fois
  • Le résultat moyen est 22 sur 109
Statistiques - réponses
Rappeur (Groupe) Réponse % Correct
Kaaris Sevran
58%
Booba (Lunatic) Boulogne-Billancourt
53%
Koba laD Evry
51%
Guy2Bezbar Paris 18
50%
Da Uzi Sevran
50%
2Zer Washington (S-Crew/Entourage) Paris 20
49%
Kalash Criminel Sevran
47%
Niska Evry
46%
Moha la Squale Paris 20
42%
PLK (Panama Bende) Paris 14
40%
MHD Paris 19
40%
PNL Corbeil-Essonnes
38%
Leto (PSO Thug) Paris 17
38%
Mister You Paris 19
38%
Black M (Sexion d'Assault) Paris 7
38%
Zola Evry
36%
Alkapote Evry
35%
Joey Starr (NTM) Saint-Denis
35%
Nekfeu (1995/Entourage/S-Crew) Paris 15
33%
Deen Burbigo (1995/Entourage) Aubervilliers/Paris
32%
Jok'Air (MZ) Paris 13
32%
Doomams (Sexion d'Assault) Paris 18
32%
Lefa (Sexion d'Assault) Paris 18
32%
La Fouine (Team BS) Trappes
32%
Népal (2Fingz) Paris 14/Paris 18
31%
Hugo TSR Paris 18
31%
Kool Shen (NTM) Saint-Denis
31%
Guizmo (Entourage) Villeneuve-la-Garenne/Paris 18
31%
Vald Aulnay-Sous-Bois
29%
SDM Clamart
29%
Dinos La Courneuve
29%
Alpha Wann (1995/Entourage) Paris 14
29%
Maska (Sexion d'Assault) Paris 9
29%
Ali (Lunatic) Boulogne-Billancourt
28%
Benab Sevran
28%
Rémy Aubervilliers
26%
Hayce Lemsi Paris 17
26%
Dr. Bériz Paris 9
26%
Rim'K (113/Mafia K'1 Fry) Vitry-sur-Seine
26%
Rohff (Mafia K'1 Fry) Vitry-sur-Seine
26%
Kery James (Mafia K'1 Fry) Orly
25%
Lomepal Paris 13
25%
MC Jean Gab'1 Paris (Plusieurs arrondissements)
25%
Sneazzy (1995) Paris 15
24%
Jazzy Bazz (Entourage) Paris 19
24%
Limsa Aulnay-sous-Bois
22%
S.Pri Noir Paris 20
22%
Doums (2Fingz/Entourage) Paris 9
22%
Georgio Paris 18
21%
Mac Tyer (Tandem) Aubervilliers
19%
Ziak Evry
19%
Oxmo Puccino Paris 19
19%
Hornet la Frappe Epinay-sur-Seine
18%
Gazo Paris 11
18%
Doc Gynéco (Secteur Ä) Paris 18
18%
Alpha 5.20 Epinay-sur-Orge/Paris 18
17%
Disiz Evry
15%
Gambi Fontenay-sous-Bois
15%
Lord Esperanza Paris 19
15%
Sadek Neuilly-Plaisance
14%
Freeze Corleone Pantin
14%
Bosh Plaisir
14%
Benash (40000 Gang) Boulogne-Billancourt
13%
Danny Dan (Sages Poètes de la Rue) Boulogne-Billancourt
13%
KeBlack Creil
13%
Davodka Paris 18
13%
Seth Gueko Saint-Ouen-l'Aumone
13%
Lartiste Bondy
11%
Kekra Courbevoie
11%
Ninho Nemours
11%
Bram's (Beat 2 Boul) Boulogne-Billancourt
10%
Sinik Les Ulis
10%
Sopico Paris 18
10%
Grand Corps Malade Saint-Denis
10%
Ärsenik (Secteur Ä) Villiers-le-Bel
10%
La Fève Fontenay-sous-Bois
8%
TTC Paris 11/Paris 15/Paris 17
8%
Fabe (Scred Connexion) Paris 18
8%
Heuss l'Enfoiré Saint-Ouen
8%
MC Solaar Villeneuve-Saint-Georges
8%
Sultan (Team BS) Bagneux
7%
Busta Flex Epinay-sur-Seine
7%
Hatik Guyancourt
7%
Fababy (Team BS) Noisy-le-Grand
7%
Hippocampe Fou (La Secte Phonetik) Paris 15
7%
Stormy Bugsy (Secteur Ä) Paris 18
7%
Pit Baccardi (ATK) Paris 19
7%
Passi (Secteur Ä) Sarcelles
7%
Fuzati (Club des Losers) Versailles
7%
Maes Villepinte
7%
Youssoupha Cergy
4%
Eddy de Preto Créteil
4%
Luv Resval Mennecy
4%
Morsay Persan/Saint-Ouen
4%
Josman Aubervilliers
3%
Tiakola (4Keus) Bondy
3%
Alliance Ethnik Creil
3%
Ben-J (Neg' Marrons/Bisso na Bisso) Garges-lès-Gonesse
3%
Naza Nogent-sur-Oise
3%
Lesram (Panama Bende) Pré-Saint-Gervais
3%
Youv Dee Sarcelles
3%
OBOY Villeneuve-Saint-Georges
3%
Luidji Issy-les-Moulineaux
1%
Diam's Orsay
1%
Gaël Faye Versailles
1%
Nessbeal Villiers-sur-Marne
1%
Ménélik Bobigny
0%
Saïan Supa Crew Bondy
0%
Sniper Villiers-le-Bel
0%
Aucun quiz correspondant
Distribution des résultats
% des personnes avec chaque résultat
Percentile par nombre de réponses
Votre historique - résultats
Vous n’avez pas pris ce quiz